000 00641nam a2200205Ii 4500
003 JO-AjNU
008 230605s9999||||xx |||||||||||||| ||und||
017 _a2006/3/468
040 _aJO-AjNU
_bara
_erda
_cJO-AjNU
041 _aara
050 1 4 _aPJ7862.H421.S85 2006
100 3 _aشعلان، سناء كامل,
_eauthor
_950361
245 0 0 _aالسقوط في الشمس: رواية
264 3 1 _aعمان: مؤسسة الوراق، 2006
300 _a271ص
336 _atext
_btxt
_2rdacontent
337 _aunmediated
_bn
_2rdamedia
338 _avolume
_bnc
_2rdacarrier
650 4 _aالأدب العربي - روايات
_950362
999 _aA22179
_c25747
_d25747